Aplicación y valoración económica de las actividades ambientales en obras de infraestructura horizontal en Nicaragua (caminos rurales)
Presenta la aplicación y valoración económica de las actividades ambientales en obras de infraestructura horizontal en Nicaragua. Las potencialidades de los circuitos de caminos terciarios están centrados principalmente a la actividad productiva que es alternativa para las condiciones del ecotur...
| Main Author: | |
|---|---|
| Other Authors: | |
| Format: | Tesis Section = Libro |
| Language: | Undetermined Spanish |
| Published: |
Managua
UNI
2007
|
| Subjects: |
| LEADER | 01727nam a2200253Ia 4500 | ||
|---|---|---|---|
| 008 | 240830s9999 xx 000 0 und d | ||
| 040 | |a BIBLIOTECA-RUSB/ T.Mon 333.7 P426 | ||
| 041 | |a spa | ||
| 082 | |a T.Mon 333.7 P426 | ||
| 100 | 1 | |a Peralta Shoeneish, Orson Alberto | |
| 245 | 1 | 0 | |a Aplicación y valoración económica de las actividades ambientales en obras de infraestructura horizontal en Nicaragua (caminos rurales) |
| 260 | |a Managua |b UNI |c 2007 | ||
| 300 | |a 82 p. :il. | ||
| 500 | |a Contiene: anexos y glosarios. | ||
| 502 | |a Tesis (Máster en Planificación y Administración Ambiental de Proyectos) - UNI, 2007. | ||
| 520 | 3 | |a Presenta la aplicación y valoración económica de las actividades ambientales en obras de infraestructura horizontal en Nicaragua. Las potencialidades de los circuitos de caminos terciarios están centrados principalmente a la actividad productiva que es alternativa para las condiciones del ecoturismo. Son sujetos de aplicación de evaluación de Impacto ambiental en Nicaragua los proyectos, obras, actividades públicas y privados, inversión nacional y extranjera, durante su fase de prevención, ejecución, ampliación, rehabilitación o reconversión y que por sus características pueden producir deterioro al ambiente o a los recursos naturales, los que deben obtener previo a su ejecución, el permiso ambiental correspondiente. | |
| 650 | 7 | |a MEDIOAMBIENTE - CAMINOS RURALES - NICARAGUA | |
| 650 | 7 | |b IMPACTO AMBIENTAL - construcción DE CAMINOS | |
| 650 | 7 | |c REFORESTACION - CAMINOS RURALES | |
| 650 | 7 | |d OBRAS AMBIENTALES - CAMINOS RURALES | |
| 700 | 1 | |a Tutor: |b Gómez Ortega, Graciela Dionides | |
| 942 | |c BK |2 ddc | ||
| 991 | |a TESIS | ||
| 999 | |c 21698 | ||